[Event "NAYCC U10 w"]
[Site "Kingston CAN"]
[Date "2019.08.18"]
[Round "5.56"]
[White "Zhao, Catherine"]
[Black "Yang, Jing Yao"]
[Result "0-1"]
[WhiteElo "624"]
[BlackElo "1164"]
[PlyCount "90"]
[EventDate "2019.08.16"]
[EventType "swiss"]
[EventRounds "9"]
[EventCountry "CAN"]

1. e4 e5 2. Nf3 Nc6 3. Nc3 Nf6 4. Bc4 Bc5 5. O-O d6 6. h3 O-O 7. d3 h6 8. Re1
Be6 9. Be3 Bb6 10. Bxe6 fxe6 11. Bxb6 axb6 12. d4 exd4 13. Nxd4 Nxd4 14. Qxd4
e5 15. Nd5 exd4 16. Nxf6+ Qxf6 17. Re2 Rae8 18. Rae1 Re5 19. c3 dxc3 20. bxc3
Rg5 21. g3 Qxc3 22. h4 Rg6 23. e5 dxe5 24. Rxe5 Qf3 25. R5e3 Qxf2+ 26. Kh1 Rxg3
27. Rxg3 Qxg3 28. Re2 Qf3+ 29. Rg2 Re8 30. Kh2 Re2 31. Rxe2 Qxe2+ 32. Kh3 Qe6+
33. Kg3 Qxa2 34. Kg4 Qe6+ 35. Kg3 Qe4 36. Kh3 Qf4 37. h5 Kf7 38. Kg2 Qe3 39.
Kh2 Qf3 40. Kg1 Qe2 41. Kh1 Kf6 42. Kg1 Kg5 43. Kh1 Kg4 44. Kg1 Kf3 45. Kh1
Qg2# 0-1

[Event "NAYCC U10 w"]
[Site "Kingston CAN"]
[Date "2019.08.18"]
[Round "5.57"]
[White "Jin, Helena"]
[Black "Dahale, Siddhi"]
[Result "1/2-1/2"]
[WhiteElo "950"]
[BlackElo "1137"]
[PlyCount "46"]
[EventDate "2019.08.16"]
[EventType "swiss"]
[EventRounds "9"]
[EventCountry "CAN"]

1. e4 e5 2. Nf3 Nc6 3. Bb5 a6 4. Bxc6 dxc6 5. Nc3 Bc5 6. d3 Bd4 7. Ne2 Bg4 8.
Nexd4 exd4 9. h3 Bxf3 10. Qxf3 Qf6 11. Qxf6 Nxf6 12. O-O O-O 13. Bf4 Rac8 14.
Rac1 Nd7 15. Rfe1 Rfd8 16. b4 c5 17. Rb1 b5 18. a3 cxb4 19. axb4 c5 20. Rec1 c4
21. Ra1 Rc6 22. Kf1 c3 23. Ra3 f6 1/2-1/2

[Event "NAYCC U10 w"]
[Site "Kingston CAN"]
[Date "2019.08.18"]
[Round "5.58"]
[White "Zhou, Ariel"]
[Black "Liao, Jocelyn"]
[Result "1-0"]
[WhiteElo "1080"]
[BlackElo "799"]
[PlyCount "65"]
[EventDate "2019.08.16"]
[EventType "swiss"]
[EventRounds "9"]
[EventCountry "CAN"]

1. e4 e5 2. Nf3 Nc6 3. Nc3 Nf6 4. Bb5 a6 5. Bxc6 dxc6 6. O-O Bd6 7. d3 Bg4 8.
Bg5 Be7 9. h3 Bh5 10. Qe2 Qd6 11. Qe3 O-O-O 12. Rad1 Qb4 13. Rb1 h6 14. Bxf6
Bxf6 15. a3 Qd6 16. Rfe1 Qe7 17. b4 g5 18. Nh2 Bg6 19. a4 h5 20. b5 cxb5 21.
axb5 axb5 22. Nxb5 Qd7 23. Qa7 Qe6 24. Qc5 Rd7 25. Ra1 b6 26. Ra8+ Kb7 27. Ra7+
Kb8 28. Qa3 Qc6 29. Qb3 Rg8 30. Rea1 Bh7 31. Qa4 g4 32. Ra8+ Kb7 33. Qa7# 1-0

[Event "NAYCC U10 w"]
[Site "Kingston CAN"]
[Date "2019.08.18"]
[Round "5.59"]
[White "Girish, Niyathi"]
[Black "Inozemtseva, Milana"]
[Result "1-0"]
[WhiteElo "826"]
[BlackElo "784"]
[PlyCount "83"]
[EventDate "2019.08.16"]
[EventType "swiss"]
[EventRounds "9"]
[EventCountry "CAN"]

1. e4 c5 2. Nf3 Nf6 3. Nc3 Nc6 4. d4 e6 5. Be3 d5 6. e5 Ne4 7. dxc5 Nxc5 8. Be2
Ne4 9. Nxe4 dxe4 10. Qxd8+ Nxd8 11. Nd4 Bc5 12. Nb5 Rb8 13. Bxc5 b6 14. Bd6 Rb7
15. Nc3 Rd7 16. Bb5 f6 17. Bxd7+ Bxd7 18. exf6 gxf6 19. Nxe4 f5 20. Nf6+ Kf7
21. Nxd7 Nc6 22. Ne5+ Nxe5 23. Bxe5 Rd8 24. Rd1 Rc8 25. c3 Rc5 26. Bb8 Rc8 27.
Bxa7 b5 28. Rd7+ Kf6 29. Rxh7 Rc4 30. Rb7 Ra4 31. a3 Re4+ 32. Kd2 Re5 33. Bd4
f4 34. Bxe5+ Kxe5 35. Rxb5+ Kd6 36. a4 Kc6 37. Re1 Kd6 38. a5 Kc6 39. Rh5 Kb7
40. Rxe6 Ka7 41. Rh7+ Ka8 42. Re8# 1-0

[Event "NAYCC U10 w"]
[Site "Kingston CAN"]
[Date "2019.08.18"]
[Round "6.50"]
[White "Prakash, Nandini"]
[Black "Qu, Greta"]
[Result "0-1"]
[WhiteElo "1416"]
[BlackElo "1427"]
[PlyCount "68"]
[EventDate "2019.08.16"]
[EventType "swiss"]
[EventRounds "9"]
[EventCountry "CAN"]

1. d4 Nf6 2. Bf4 g6 3. Nc3 d5 4. e3 Bg7 5. h4 c6 6. Be2 h5 7. Nf3 Bg4 8. a3 a5
9. Ne5 Bxe2 10. Qxe2 Nbd7 11. Bg3 Nxe5 12. dxe5 Ng4 13. f4 e6 14. Qd3 Qb6 15.
Na4 Qxe3+ 16. Qxe3 Nxe3 17. Ke2 Nf5 18. Bf2 b5 19. Nc5 Bh6 20. g3 Bf8 21. b4
Bxc5 22. bxc5 Ke7 23. a4 b4 24. Rab1 Rab8 25. Rb3 Rhd8 26. Rhb1 d4 27. Rd3 Rd5
28. c3 dxc3 29. Rxc3 bxc3 30. Rxb8 c2 31. Rb7+ Kf8 32. Rb8+ Kg7 33. Be3 Nxe3
34. Kxe3 c1=Q+ 0-1

[Event "NAYCC U10 w"]
[Site "Kingston CAN"]
[Date "2019.08.18"]
[Round "6.51"]
[White "Gao, Lucy"]
[Black "Pham, Linda"]
[Result "1-0"]
[WhiteElo "1288"]
[BlackElo "1330"]
[PlyCount "115"]
[EventDate "2019.08.16"]
[EventType "swiss"]
[EventRounds "9"]
[EventCountry "CAN"]

1. e4 e6 2. d4 d5 3. Nc3 Bb4 4. Nge2 dxe4 5. a3 Bxc3+ 6. Nxc3 Nf6 7. Bg5 Nc6 8.
Bb5 h6 9. Bxf6 Qxf6 10. Nxe4 Qf5 11. Bd3 Qd5 12. c3 f5 13. Qh5+ Ke7 14. Qg6
fxe4 15. Qxg7+ Kd6 16. Qxh8 exd3 17. Qf8+ Kd7 18. Qg7+ Ne7 19. f3 h5 20. Qh7
Qf5 21. Qxf5 Nxf5 22. g3 b6 23. Kd2 Ba6 24. Rae1 Re8 25. Re5 Bc4 26. Rf1 Rg8
27. Rb1 a5 28. b3 Ba6 29. Rbe1 Rg6 30. d5 Ng7 31. dxe6+ Rxe6 32. Rxe6 Nxe6 33.
b4 axb4 34. axb4 Bc4 35. Re5 Ng7 36. Rg5 Ne6 37. Rxh5 Ke7 38. Re5 Kf6 39. f4 b5
40. Re3 c5 41. h4 cxb4 42. cxb4 Kg6 43. Re5 Kf6 44. g4 Nd4 45. g5+ Kg6 46. Re3
Nc2 47. Rh3 Nxb4 48. h5+ Kh7 49. h6 Nd5 50. g6+ Kh8 51. h7 b4 52. g7+ Kxg7 53.
h8=Q+ Kg6 54. Qh5+ Kf6 55. Qe5+ Kf7 56. Rh7+ Kg6 57. Rg7+ Kh6 58. Qg5# 1-0

[Event "NAYCC U10 w"]
[Site "Kingston CAN"]
[Date "2019.08.18"]
[Round "6.52"]
[White "Zhuang, Winnie"]
[Black "Wu, Abbie"]
[Result "0-1"]
[WhiteElo "1285"]
[BlackElo "1623"]
[PlyCount "72"]
[EventDate "2019.08.16"]
[EventType "swiss"]
[EventRounds "9"]
[EventCountry "CAN"]

1. e4 c5 2. Nf3 d6 3. d4 cxd4 4. Nxd4 Nf6 5. Nc3 Nc6 6. Be3 e6 7. Qd2 Be7 8. f3
a6 9. g4 Qc7 10. O-O-O b5 11. a3 Bb7 12. h4 Rc8 13. Kb1 Nd7 14. g5 Nde5 15. Be2
Na5 16. Qe1 Nac4 17. Bxc4 Nxc4 18. Bd2 Nxd2+ 19. Qxd2 O-O 20. h5 d5 21. exd5 b4
22. Na2 Bxd5 23. Nxb4 Bxb4 24. axb4 e5 25. Ne2 Bxf3 26. Rh3 Rfd8 27. Qc1 Bxe2
28. Re1 Bg4 29. Rh4 Bf5 30. Rh2 Qd6 31. Rg2 Qxb4 32. Rxe5 Be6 33. Re3 Rb8 34.
Ka1 Qxb2+ 35. Qxb2 Rd1+ 36. Qb1 Rbxb1# 0-1

[Event "NAYCC U10 w"]
[Site "Kingston CAN"]
[Date "2019.08.18"]
[Round "6.53"]
[White "Fausto, Aliana"]
[Black "Morden, Rose"]
[Result "0-1"]
[WhiteElo "1214"]
[BlackElo "1518"]
[PlyCount "172"]
[EventDate "2019.08.16"]
[EventType "swiss"]
[EventRounds "9"]
[EventCountry "CAN"]

1. e4 e5 2. Nf3 Nc6 3. d4 exd4 4. Bc4 Nf6 5. e5 d5 6. Bb5 Ne4 7. Nxd4 Bd7 8.
Bxc6 bxc6 9. O-O Be7 10. Nd2 Nxd2 11. Bxd2 O-O 12. f4 c5 13. Nb3 c4 14. Nd4 c5
15. Nf3 Bf5 16. Be1 Rb8 17. Rb1 Re8 18. Bf2 Be6 19. Qe2 Qa5 20. a3 Rb5 21. Be1
Qa6 22. Bd2 Qb7 23. Bc1 c3 24. b3 c4 25. b4 a5 26. Nd4 Rb6 27. b5 Bc5 28. Qf2
Bxd4 29. Qxd4 Rxb5 30. Rxb5 Qxb5 31. Qxc3 Bf5 32. Rd1 Be4 33. Be3 Qa4 34. Rc1
Rb8 35. Bc5 Qb5 36. Bd4 h6 37. Rd1 Qa6 38. Rc1 Rb5 39. Qg3 Qb7 40. Qe1 a4 41.
h3 Qe7 42. Qg3 Qe6 43. Qe3 Qf5 44. Qd2 Qg6 45. Qf2 Rb7 46. Kh2 Rc7 47. Bc3 Rb7
48. Kg1 Rd7 49. Kh2 d4 50. Bb4 d3 51. c3 Qh5 52. g4 Qg6 53. Rd1 Qc6 54. Rd2 Rb7
55. Rb2 Bf3 56. Kg3 Be2 57. Qe3 Qh1 58. Qf2 Qc1 59. Rxe2 dxe2 60. Qxe2 Rxb4 61.
cxb4 Qxa3+ 62. Kg2 Qxb4 63. Qe4 Qd2+ 64. Kg3 Qd3+ 65. Qxd3 cxd3 66. Kf2 a3 67.
Ke3 a2 68. Kxd3 a1=Q 69. Kc4 Qf1+ 70. Kd4 Qxh3 71. g5 hxg5 72. fxg5 Qg4+ 73.
Kd5 Qxg5 74. Ke4 f6 75. exf6 gxf6 76. Kd4 f5 77. Ke5 f4+ 78. Ke4 Qg3 79. Ke5
f3+ 80. Kf5 f2 81. Ke4 f1=Q 82. Kd4 Qff4+ 83. Kd5 Qgg5+ 84. Ke6 Qff6+ 85. Kd7
Qgg7+ 86. Ke8 Qfe7# 0-1

[Event "NAYCC U10 w"]
[Site "Kingston CAN"]
[Date "2019.08.18"]
[Round "6.54"]
[White "Yang, Jing Yao"]
[Black "Arivoli, Sadhana"]
[Result "1-0"]
[WhiteElo "1164"]
[BlackElo "1296"]
[PlyCount "179"]
[EventDate "2019.08.16"]
[EventType "swiss"]
[EventRounds "9"]
[EventCountry "CAN"]

1. e4 Nf6 2. Nc3 d5 3. exd5 Nxd5 4. Nxd5 Qxd5 5. Nf3 Bg4 6. Be2 Nc6 7. O-O e6
8. d3 Be7 9. Bf4 Qd8 10. h3 Bh5 11. Nd2 Bxe2 12. Qxe2 O-O 13. Ne4 Bd6 14. Be3
Be7 15. Qh5 Qd5 16. Qf3 Qf5 17. Qg3 Rac8 18. Rfe1 Qg6 19. Qf3 Rfe8 20. Qd1 Qf5
21. Bd2 Bh4 22. Re3 Nd4 23. c3 Nc6 24. Rf3 Qg6 25. Rf4 Be7 26. Rg4 Qf5 27. Qe2
Ne5 28. Rf4 Qg6 29. d4 Nc6 30. Qf3 h5 31. Qe2 Rcd8 32. Be3 a6 33. Rd1 e5 34.
dxe5 Nxe5 35. Rxd8 Rxd8 36. Ng3 Qb1+ 37. Kh2 Qg6 38. Qxh5 Qxh5 39. Nxh5 Nd3 40.
Rd4 Bd6+ 41. g3 Nc5 42. Bf4 Ne6 43. Rd3 Nxf4 44. Nxf4 Be7 45. Rxd8+ Bxd8 46.
Kg2 Kf8 47. Kf3 g5 48. Nd3 b6 49. Ke4 f6 50. Kd5 a5 51. f4 Ke8 52. Ke6 Be7 53.
fxg5 fxg5 54. g4 Bd6 55. Ne5 Bxe5 56. Kxe5 Ke7 57. Kf5 Kf7 58. Kxg5 Kg7 59. Kf5
Kf7 60. g5 Kg7 61. g6 c5 62. h4 b5 63. Ke5 Kxg6 64. Kd5 c4 65. Kc5 Kf5 66. Kxb5
Ke5 67. Kxc4 Kd6 68. Kb5 Kd5 69. Kxa5 Kd6 70. h5 Ke6 71. c4 Kf6 72. c5 Ke6 73.
h6 Kf6 74. c6 Kg6 75. c7 Kxh6 76. c8=Q Kg5 77. Qe6 Kf4 78. Qd5 Kg4 79. Qe5 Kf3
80. Qd4 Ke2 81. Qc3 Kf2 82. Qd3 Kg2 83. Qe3 Kh1 84. Qe2 Kg1 85. Kb4 Kh1 86. Kc3
Kg1 87. Kd3 Kh1 88. Ke3 Kg1 89. Kf3 Kh1 90. Qg2# 1-0

[Event "NAYCC U10 w"]
[Site "Kingston CAN"]
[Date "2019.08.18"]
[Round "6.55"]
[White "Dahale, Siddhi"]
[Black "Ma, Lily"]
[Result "1-0"]
[WhiteElo "1137"]
[BlackElo "824"]
[PlyCount "103"]
[EventDate "2019.08.16"]
[EventType "swiss"]
[EventRounds "9"]
[EventCountry "CAN"]

1. d4 d5 2. c4 e5 3. dxe5 d4 4. Nf3 Nc6 5. e3 Bb4+ 6. Bd2 dxe3 7. fxe3 Bxd2+ 8.
Qxd2 Qxd2+ 9. Nbxd2 Bg4 10. a3 Nge7 11. Bd3 Ng6 12. Bxg6 hxg6 13. O-O O-O-O 14.
h3 Bxf3 15. Nxf3 Rhe8 16. Ng5 Nxe5 17. Nxf7 Rd3 18. Nxe5 Rxe5 19. Rf8+ Rd8 20.
Rxd8+ Kxd8 21. Kf2 c5 22. Rd1+ Kc7 23. Rd5 Rxd5 24. cxd5 Kd6 25. e4 b5 26. Ke3
a5 27. Kd3 Ke5 28. h4 Kd6 29. Ke3 a4 30. Kf4 b4 31. Ke3 Ke5 32. Kd3 bxa3 33.
bxa3 Kd6 34. Kc4 g5 35. hxg5 g6 36. g3 Ke5 37. Kxc5 Kxe4 38. d6 Kf5 39. d7 Kg4
40. d8=Q Kh5 41. Qf6 Kg4 42. Qxg6 Kh3 43. Qe4 Kh2 44. Qh4+ Kg2 45. g4 Kg1 46.
Qg3+ Kh1 47. Qf3+ Kg1 48. Qe2 Kh1 49. Kd4 Kg1 50. Ke3 Kh1 51. Kf3 Kg1 52. Qg2#
1-0

[Event "NAYCC U10 w"]
[Site "Kingston CAN"]
[Date "2019.08.18"]
[Round "6.56"]
[White "De Costa, Dayna"]
[Black "Jin, Helena"]
[Result "0-1"]
[WhiteElo "686"]
[BlackElo "950"]
[PlyCount "92"]
[EventDate "2019.08.16"]
[EventType "swiss"]
[EventRounds "9"]
[EventCountry "CAN"]

1. d4 d5 2. Bf4 Nc6 3. e3 Nf6 4. Bd3 h6 5. c4 e6 6. Nc3 Bd6 7. Bg3 Bb4 8. Nf3
dxc4 9. Bxc4 Ne4 10. Qc2 Nxg3 11. hxg3 a6 12. a3 Bd6 13. Bd3 e5 14. O-O Bg4 15.
Be4 Bxf3 16. Bxc6+ Bxc6 17. d5 Bd7 18. f4 exf4 19. exf4 O-O 20. b4 Re8 21. Kf2
Qf6 22. Rh1 Be5 23. Ne4 Qf5 24. Kg1 Bxa1 25. Qc4 Qxe4 26. Qxe4 Rxe4 27. Kf2
Rae8 28. Rxa1 Re2+ 29. Kf1 Bb5 30. Kg1 Re1+ 31. Rxe1 Rxe1+ 32. Kf2 Ra1 33. Ke3
Rxa3+ 34. Kd4 Rxg3 35. Kc5 b6+ 36. Kd4 Rxg2 37. Ke4 Rb2 38. Ke3 Rxb4 39. Kf3 a5
40. Ke3 a4 41. Kf3 a3 42. Ke3 a2 43. Kf3 a1=Q 44. Ke3 Qc3+ 45. Kf2 Rb2+ 46. Kg1
Qc1# 0-1

[Event "NAYCC U10 w"]
[Site "Kingston CAN"]
[Date "2019.08.18"]
[Round "6.57"]
[White "Ran, Alice"]
[Black "Zhou, Ariel"]
[Result "1-0"]
[WhiteElo "985"]
[BlackElo "1080"]
[PlyCount "65"]
[EventDate "2019.08.16"]
[EventType "swiss"]
[EventRounds "9"]
[EventCountry "CAN"]

1. e4 e5 2. f4 Nc6 3. Nf3 d6 4. d4 exf4 5. Bb5 a6 6. Ba4 b5 7. Bb3 Bg4 8. O-O
Nf6 9. Nc3 Be7 10. Bxf4 O-O 11. h3 Bxf3 12. Rxf3 Qd7 13. d5 Ne5 14. Bxe5 dxe5
15. Qe1 Bb4 16. Qg3 Qd6 17. Raf1 Nd7 18. a4 bxa4 19. Bxa4 Nc5 20. Rf6 Qe7 21.
d6 cxd6 22. Nd5 Qb7 23. c4 Nxa4 24. Kh1 Nxb2 25. Rh6 Kh8 26. Rxh7+ Kxh7 27.
Qh4+ Kg8 28. Nf6+ gxf6 29. Qg4+ Kh8 30. Rxf6 Kh7 31. Qh5+ Kg7 32. Qg5+ Kh7 33.
Rh6# 1-0

[Event "NAYCC U10 w"]
[Site "Kingston CAN"]
[Date "2019.08.18"]
[Round "6.58"]
[White "Liao, Jocelyn"]
[Black "Zhao, Catherine"]
[Result "1/2-1/2"]
[WhiteElo "799"]
[BlackElo "624"]
[PlyCount "133"]
[EventDate "2019.08.16"]
[EventType "swiss"]
[EventRounds "9"]
[EventCountry "CAN"]

1. e4 e5 2. Nf3 Nc6 3. Bc4 Nf6 4. Ng5 d5 5. exd5 Nxd5 6. Nxf7 Kxf7 7. Qf3+ Qf6
8. Qxd5+ Be6 9. Qd7+ Be7 10. Qd3 Bc5 11. O-O Rad8 12. Qg3 Bxc4 13. d3 Be6 14.
Bg5 Qf5 15. Bxd8 Rxd8 16. Re1 Bd4 17. c3 Bb6 18. Rd1 e4 19. d4 Ne7 20. Re1 c5
21. Na3 cxd4 22. cxd4 Bxd4 23. Re2 b5 24. Rae1 b4 25. Nc2 Bxb2 26. Rxe4 Bc3 27.
Rf4 Bxe1 28. Rxf5+ Bxf5 29. Nxe1 Rd1 30. Qb3+ Be6 31. Qxd1 Bxa2 32. Qa4 Bd5 33.
Qxb4 Nc6 34. Qb7+ Kf6 35. Qd7 Ke5 36. Qxg7+ Kd6 37. f4 a5 38. f5 Nd8 39. Qf8+
Kd7 40. Qg7+ Kd6 41. Qxh7 a4 42. Qh3 Nc6 43. Qa3+ Ke5 44. Qxa4 Kxf5 45. Qc2+
Ke5 46. Qf2 Nd4 47. g4 Ne6 48. h4 Nf4 49. Qe3+ Be4 50. Nd3+ Nxd3 51. Qg5+ Kd4
52. h5 Ne5 53. h6 Nf3+ 54. Kf2 Nxg5 55. Kg3 Ke5 56. Kh4 Nf3+ 57. Kh5 Kf6 58. h7
Bxh7 59. Kh6 Be4 60. g5+ Nxg5 61. Kh5 Bg6+ 62. Kg4 Ne4 63. Kf4 Ng5 64. Kg4 Bf5+
65. Kg3 Kg6 66. Kf2 Kh5 67. Ke3 1/2-1/2

[Event "NAYCC U10 w"]
[Site "Kingston CAN"]
[Date "2019.08.18"]
[Round "6.59"]
[White "Inozemtseva, Milana"]
[Black "Chen, Alina"]
[Result "0-1"]
[WhiteElo "784"]
[BlackElo "964"]
[PlyCount "68"]
[EventDate "2019.08.16"]
[EventType "swiss"]
[EventRounds "9"]
[EventCountry "CAN"]

1. e4 c5 2. Nf3 d6 3. d3 Nf6 4. d4 cxd4 5. Qxd4 Nc6 6. Bb5 Bd7 7. Qd3 g6 8. b3
Bg7 9. O-O O-O 10. Bxc6 Bxc6 11. Bb2 Bxe4 12. Qd1 Rc8 13. c4 d5 14. Nbd2 Bf5
15. Nd4 Bd3 16. Re1 dxc4 17. Ba3 Qxd4 18. Nf3 Qd7 19. Rxe7 Qb5 20. Re5 Nd5 21.
Nd4 Qd7 22. bxc4 Bxc4 23. Qc1 Bxe5 24. Bxf8 Bxd4 25. Rb1 Kxf8 26. Qh6+ Kg8 27.
Re1 Re8 28. Rxe8+ Qxe8 29. h3 Qe1+ 30. Kh2 Be5+ 31. g3 Qxf2+ 32. Kh1 Qf3+ 33.
Kg1 Qxg3+ 34. Kh1 Qh2# 0-1

[Event "NAYCC U10 w"]
[Site "Kingston CAN"]
[Date "2019.08.19"]
[Round "7.50"]
[White "Qu, Greta"]
[Black "Gao, Lucy"]
[Result "1-0"]
[WhiteElo "1427"]
[BlackElo "1288"]
[PlyCount "111"]
[EventDate "2019.08.16"]
[EventType "swiss"]
[EventRounds "9"]
[EventCountry "CAN"]

1. e4 e5 2. Nf3 Nc6 3. d4 exd4 4. Nxd4 Bc5 5. Be3 Qf6 6. c3 Nge7 7. Bc4 O-O 8.
O-O d5 9. Nxc6 Qxc6 10. Bxc5 Qxc5 11. Bxd5 Nxd5 12. Qxd5 Qxd5 13. exd5 Rd8 14.
c4 b5 15. b3 Ba6 16. Na3 bxc4 17. bxc4 Rab8 18. Rab1 Kf8 19. Rfe1 Re8 20. Rxe8+
Rxe8 21. Kf1 Ke7 22. Re1+ Kd7 23. Rxe8 Kxe8 24. Ke2 Kd7 25. Kd3 Kd6 26. Kd4 c5+
27. dxc6 Kxc6 28. Nc2 Bb7 29. Nb4+ Kb6 30. Nd5+ Ka5 31. g3 Ka4 32. Nc3+ Kb4 33.
Nb5 Ba6 34. Nxa7 Bxc4 35. Nc6+ Kb5 36. a4+ Kxc6 37. Kxc4 Kb6 38. Kb4 h5 39. h4
f6 40. f3 g5 41. f4 gxh4 42. gxh4 f5 43. a5+ Ka6 44. Ka4 Kb7 45. Kb5 Ka7 46.
Kc5 Ka6 47. Kd6 Kxa5 48. Ke6 Kb6 49. Kxf5 Kc7 50. Kg5 Kd7 51. Kxh5 Ke7 52. Kg6
Kf8 53. f5 Kg8 54. f6 Kh8 55. Kf7 Kh7 56. Ke7 1-0

[Event "NAYCC U10 w"]
[Site "Kingston CAN"]
[Date "2019.08.19"]
[Round "7.51"]
[White "Wu, Abbie"]
[Black "Yang, Jing Yao"]
[Result "1-0"]
[WhiteElo "1623"]
[BlackElo "1164"]
[PlyCount "63"]
[EventDate "2019.08.16"]
[EventType "swiss"]
[EventRounds "9"]
[EventCountry "CAN"]

1. e4 e5 2. Nf3 Nc6 3. Bc4 Bc5 4. c3 Nf6 5. d3 h6 6. Nbd2 d6 7. Bb3 Bg4 8. h3
Bh5 9. Bc2 Qd7 10. Nf1 O-O 11. Ng3 Bg6 12. O-O Nh5 13. Nxe5 dxe5 14. Nxh5 Bxh5
15. Qxh5 Qd6 16. b4 Bb6 17. Kh1 Rae8 18. f4 exf4 19. Bxf4 Qd7 20. Rf3 Re6 21.
Rg3 Kh8 22. Qg4 Rg8 23. Bxh6 f6 24. Bb3 Ree8 25. Qxd7 gxh6 26. Bxg8 Rxg8 27.
Rxg8+ Kxg8 28. Rf1 Ne5 29. Qe6+ Kh7 30. Rxf6 Nxd3 31. Rf7+ Kg8 32. Qe8# 1-0

[Event "NAYCC U10 w"]
[Site "Kingston CAN"]
[Date "2019.08.19"]
[Round "7.52"]
[White "Morden, Rose"]
[Black "Prakash, Nandini"]
[Result "1-0"]
[WhiteElo "1518"]
[BlackElo "1416"]
[PlyCount "107"]
[EventDate "2019.08.16"]
[EventType "swiss"]
[EventRounds "9"]
[EventCountry "CAN"]

1. d4 Nf6 2. Nf3 g6 3. c4 Bg7 4. Nc3 d6 5. Bf4 Nbd7 6. e3 a6 7. Be2 c5 8. h3
cxd4 9. exd4 b6 10. Qd2 h5 11. Qe3 Nf8 12. Rd1 Ne6 13. Bh2 Bh6 14. Qd3 Ng5 15.
Nxg5 Bxg5 16. c5 b5 17. cxd6 Bf5 18. Qg3 Bh6 19. dxe7 Qxe7 20. Qe5 Qxe5 21.
dxe5 Nd7 22. Bf3 Ra7 23. Be4 Be6 24. Bd5 Bg7 25. f4 Bf5 26. Ne4 Bxe4 27. Bxe4
Rc7 28. Ke2 Nc5 29. Rc1 Kd7 30. Rhd1+ Kc8 31. Bf3 Rd8 32. Rxd8+ Kxd8 33. Bg1
Nd7 34. Rxc7 Kxc7 35. b3 Nf8 36. Bd5 Ne6 37. g3 Bh6 38. Be3 Kd7 39. f5 Bxe3 40.
fxe6+ fxe6 41. Kxe3 exd5 42. b4 g5 43. Kd4 Ke6 44. g4 h4 45. a3 Ke7 46. Kxd5
Kd7 47. e6+ Ke8 48. Kd6 Kd8 49. e7+ Ke8 50. Ke6 a5 51. bxa5 b4 52. a6 bxa3 53.
a7 a2 54. a8=R# 1-0

[Event "NAYCC U10 w"]
[Site "Kingston CAN"]
[Date "2019.08.19"]
[Round "7.53"]
[White "Pham, Linda"]
[Black "Dahale, Siddhi"]
[Result "1-0"]
[WhiteElo "1330"]
[BlackElo "1137"]
[PlyCount "73"]
[EventDate "2019.08.16"]
[EventType "swiss"]
[EventRounds "9"]
[EventCountry "CAN"]

1. d4 Nf6 2. Bf4 g6 3. e3 Bg7 4. Nf3 O-O 5. Bd3 d5 6. c3 a6 7. Nbd2 Nc6 8. O-O
Bd7 9. h3 e6 10. Ne5 Nxe5 11. Bxe5 Ne8 12. Bxg7 Nxg7 13. a4 f5 14. f4 Qf6 15.
a5 h6 16. Nf3 g5 17. Ne5 Rad8 18. b4 Ne8 19. Qb3 Nd6 20. Rf3 Bb5 21. Bxb5 axb5
22. a6 Ne4 23. Qb2 bxa6 24. Rxa6 Qg7 25. Rxe6 Rd6 26. Rxd6 cxd6 27. Nd3 Rc8 28.
fxg5 Rxc3 29. gxh6 Qxh6 30. Nf4 Rxe3 31. Rxe3 Qxf4 32. Re2 Ng3 33. Rf2 Qe3 34.
Qd2 Qb3 35. Qg5+ Kf8 36. Rf3 Qd1+ 37. Kh2 1-0

[Event "NAYCC U10 w"]
[Site "Kingston CAN"]
[Date "2019.08.19"]
[Round "7.54"]
[White "Jin, Helena"]
[Black "Ran, Alice"]
[Result "1-0"]
[WhiteElo "950"]
[BlackElo "985"]
[PlyCount "160"]
[EventDate "2019.08.16"]
[EventType "swiss"]
[EventRounds "9"]
[EventCountry "CAN"]

1. e4 e5 2. Nf3 Nc6 3. Bb5 a6 4. Bxc6 dxc6 5. Nc3 Bg4 6. h3 Bh5 7. d3 Nf6 8.
Bg5 h6 9. Bh4 Be7 10. Bg3 Bd6 11. Bh4 Be7 12. g4 Nxg4 13. Bxe7 Qxe7 14. hxg4
Bxg4 15. Rg1 h5 16. Qe2 Qf6 17. Rg3 Qf4 18. Qe3 O-O 19. Nh2 f5 20. Nxg4 fxg4
21. Ne2 Qf6 22. Rg1 Rf7 23. Ng3 h4 24. Nf5 Qg6 25. Nxh4 Qh5 26. Nf5 Qh2 27. Qg3
Qxg3 28. Rxg3 Re8 29. Rxg4 Re6 30. O-O-O Kf8 31. Rdg1 Ref6 32. Rg6 Rxg6 33.
Rxg6 c5 34. Kd2 a5 35. Kc3 b5 36. a3 a4 37. b4 axb3 38. cxb3 Rd7 39. Rc6 b4+
40. axb4 cxb4+ 41. Kc4 Kf7 42. Rc5 g6 43. Nh4 Kf6 44. Rc6+ Kf7 45. Nxg6 Rd4+
46. Kc5 Ke8 47. Nxe5 Rd8 48. Kxb4 Rb8+ 49. Kc4 Rb7 50. b4 Ra7 51. f4 Kd8 52. f5
Ra1 53. f6 Ke8 54. f7+ Kf8 55. Kb5 Ra7 56. d4 Rb7+ 57. Kc5 Ke7 58. d5 Rb8 59.
Re6+ Kf8 60. Kc6 Ra8 61. Kxc7 Ra7+ 62. Kb6 Ra8 63. Rf6 Ke7 64. f8=Q+ Rxf8 65.
Rxf8 Kxf8 66. Kc7 Ke7 67. b5 Kf6 68. b6 Kxe5 69. b7 Kxe4 70. b8=Q Ke5 71. Kc6+
Kd4 72. Qb5 Ke5 73. d6+ Ke4 74. d7 Ke3 75. d8=R Ke4 76. Re8+ Kd4 77. Ra8 Ke4
78. Ra4+ Ke3 79. Qb3+ Kd2 80. Ra2+ Kc1 1-0

[Event "NAYCC U10 w"]
[Site "Kingston CAN"]
[Date "2019.08.19"]
[Round "7.55"]
[White "Arivoli, Sadhana"]
[Black "Zhuang, Winnie"]
[Result "1/2-1/2"]
[WhiteElo "1296"]
[BlackElo "1285"]
[PlyCount "71"]
[EventDate "2019.08.16"]
[EventType "swiss"]
[EventRounds "9"]
[EventCountry "CAN"]

1. d4 Nf6 2. Bf4 g6 3. Nf3 Bg7 4. e3 d5 5. Nbd2 Bf5 6. Be2 Nbd7 7. O-O O-O 8.
c3 c5 9. Ne5 Rc8 10. Rc1 Nxe5 11. Bxe5 Nd7 12. Bxg7 Kxg7 13. Nf3 b6 14. Bd3
Bxd3 15. Qxd3 Re8 16. Rfe1 e6 17. Rcd1 Qe7 18. Qe2 c4 19. Qc2 b5 20. a3 a5 21.
Rc1 Rb8 22. Rb1 Rb7 23. Rec1 Ra8 24. Nd2 Qd6 25. Ra1 a4 26. Nf3 Re8 27. e4 Rbb8
28. Re1 Nb6 29. Qd2 dxe4 30. Rxe4 Nd5 31. Rae1 Nf6 32. R4e2 Nd5 33. Re4 Nf6 34.
R4e2 Nd5 35. Re4 Nf6 36. R4e2 1/2-1/2

[Event "NAYCC U10 w"]
[Site "Kingston CAN"]
[Date "2019.08.19"]
[Round "7.56"]
[White "Fausto, Aliana"]
[Black "Girish, Niyathi"]
[Result "1-0"]
[WhiteElo "1214"]
[BlackElo "826"]
[PlyCount "63"]
[EventDate "2019.08.16"]
[EventType "swiss"]
[EventRounds "9"]
[EventCountry "CAN"]

1. e4 e5 2. Nf3 Nc6 3. d4 exd4 4. Bc4 Nf6 5. e5 d5 6. Bb5 Ne4 7. Nxd4 Bd7 8.
Bxc6 bxc6 9. O-O Bc5 10. f3 Ng5 11. Be3 Qb8 12. b3 Ne6 13. c3 Bb6 14. f4 c5 15.
Nxe6 fxe6 16. f5 Rf8 17. Qh5+ Rf7 18. fxe6 Bxe6 19. Rxf7 Bxf7 20. Qxh7 c4 21.
Qh3 c6 22. e6 Bg8 23. Nd2 Qe5 24. Re1 cxb3 25. axb3 Qxc3 26. Qh5+ Ke7 27. Qg5+
Ke8 28. Bxb6 axb6 29. e7 Ra1 30. Qh5+ Bf7 31. Qh8+ Kd7 32. Qd8# 1-0

[Event "NAYCC U10 w"]
[Site "Kingston CAN"]
[Date "2019.08.19"]
[Round "7.57"]
[White "Ma, Lily"]
[Black "Zhao, Catherine"]
[Result "1-0"]
[WhiteElo "824"]
[BlackElo "624"]
[PlyCount "39"]
[EventDate "2019.08.16"]
[EventType "swiss"]
[EventRounds "9"]
[EventCountry "CAN"]

1. e4 e5 2. Nf3 Nc6 3. Nc3 Nf6 4. d4 d5 5. exd5 Nxd5 6. dxe5 Bb4 7. Bd2 Qe7 8.
Nxd5 Qe6 9. Nxc7+ Kd8 10. Nxe6+ Bxe6 11. Bxb4+ Ke8 12. Bb5 Rd8 13. Bxc6+ bxc6
14. Qe2 Rb8 15. Ba3 Rc8 16. Qa6 c5 17. O-O-O Bxa2 18. Qxc8+ Ke7 19. Qc7+ Kf8
20. Qd8# 1-0

[Event "NAYCC U10 w"]
[Site "Kingston CAN"]
[Date "2019.08.19"]
[Round "7.58"]
[White "Chen, Alina"]
[Black "Zhou, Ariel"]
[Result "1-0"]
[WhiteElo "964"]
[BlackElo "1080"]
[PlyCount "47"]
[EventDate "2019.08.16"]
[EventType "swiss"]
[EventRounds "9"]
[EventCountry "CAN"]

1. e4 e5 2. Nf3 Nc6 3. d4 Nf6 4. Nc3 Bb4 5. dxe5 Nxe4 6. Bd2 Nxd2 7. Qxd2 O-O
8. Bc4 h6 9. O-O Re8 10. Rfe1 Bxc3 11. Qxc3 b6 12. Rad1 Bb7 13. Qb3 Rf8 14. a3
Qe7 15. Qd3 Rfd8 16. Qg6 d5 17. exd6 Qf8 18. d7 Nb8 19. Ne5 Nc6 20. Nxf7 Rdb8
21. Ng5+ Qf7 22. Qh7+ Kf8 23. Qh8+ Qg8 24. Qxg8# 1-0